000
00327nam a22001457a 4500
008
221101b ||||| |||| 00| 0 eng d
020
_a
0716717573
041
_a
eng
080
_a
610.73
082
_a
610.73
100
_a
8
101
_a
INF
245
_a
HORMONES THE MESSENGERS OF LIFE
_c
CRAPO LAWRENCE
942
_2
udc
_c
BK
999
_c
58709
_d
58709